000 01153nas a2200361 4500
001 BR2012009691
003 BR-BrBNA
005 20231205121702.0
007 ta
008 230509b bl.|||p| |||| 00| 00por d
040 _aBR-BrBNA
_bpor
_cBiblioteca Nacional de Agricultura
041 _a(Pt)
072 _aL74; L70
100 1 _aAlves, F.R.
100 1 _aFeitosa, M.L.T.
100 1 _aGatti, A.
100 1 _aFadel, L.
100 1 _aUnruh, S.M.
100 1 _aAmbrósio, C.E.
100 1 _aSterman, F.A.
100 1 _aPinto, A.C.B.C.F.
100 1 _aMiglino, M.A.
245 1 _aImagem radiográfica da cavidade torácica de cães Golden Retriever acometidos pela distrofia muscular
246 1 _aRadiologic images of the thoracic cavity of Golden Retriever dogs affected by muscular dystrophy
650 _aCÃO
650 _aDISTÚRBIO ANIMAL
650 _aDISTROFIA MUSCULAR
650 _aDOENÇA MUSCULAR
650 _aULTRA-SOM
773 0 _tPesquisa Veterinária Brasileira (Brazil)
_xISSN 0100-736X
_g(Mar 2009), v. 29(3) p. 99-104
_wBR2012009691
909 _a202311
_bLúcia
_c55
_dLúcia Elande
942 _2AGRIS
_n0
_cANA
999 _c224723
_d224723